| 000 | 01380nam2a22002531 4500 | ||
|---|---|---|---|
| 001 | RU\NLR\INFOCOMM6\1000445593 | ||
| 005 | 20250617072020.0 | ||
| 035 | _a(NLR Aleph) 002548159 | ||
| 090 |
_a2995566 _c2995566 |
||
| 100 | _a20040511d1956 |||y0rusy50 ca | ||
| 101 | 0 | _arus | |
| 102 | _aRU | ||
| 105 | _ay ||||||||| | ||
| 200 | 1 |
_aМетодика проведения периодических осмотров и клиника некоторых профессиональных заболеваний _fИ.Я. Сосновик |
|
| 210 |
_d1956 _aБ. м. |
||
| 461 | 0 |
_1001RU\NLR\INFOCOMM6\1000445557 _12001#$aИнформационный бюллетень$fМ-во здрав. РСФСР. Моск. науч.-исслед. ин-т санитарии и гигиены им. Ф.Ф.Эрисмана$v2 _92995348 _aМосковский научно-исследовательский институт гигиены им. Ф.Ф. Эрисмана _cМ. _d1943-1959 _fМ-во здрав. РСФСР. Моск. науч.-исслед. ин-т санитарии и гигиены им. Ф.Ф.Эрисмана _nМедгиз _tИнформационный бюллетень _v2 |
|
| 700 | 1 |
_aСосновик _bИ.Я. _4070 |
|
| 801 | 1 |
_aRU _bInfoComm _c20040511 |
|
| 801 | 0 |
_aRU _bNLR _gPSBO |
|
| 852 |
_aNLR _jП17/212 |
||
| 942 | _cISSUE | ||
| 980 | _aNB | ||
| 980 | _aRUSPER | ||